Early centuries of Russian history / (Record no. 27807)
[ view plain ]
| 000 -LEADER | |
|---|---|
| fixed length control field | 00728cam a22002411 4500 |
| 001 - CONTROL NUMBER | |
| control field | 27807 |
| 003 - CONTROL NUMBER IDENTIFIER | |
| rucl marc code | BD-RjUL |
| 005 - DATE AND TIME OF LATEST TRANSACTION | |
| control field | 20211209051214.0 |
| 008 - FIXED-LENGTH DATA ELEMENTS--GENERAL INFORMATION | |
| fixed length control field | 140327s1965 xx ab 000 0 eng |
| 035 ## - SYSTEM CONTROL NUMBER | |
| System control number | (BD-RjUL)27886 |
| System control number | (OCoLC)3553532 |
| 040 ## - CATALOGING SOURCE | |
| Original cataloging agency | DLC |
| Transcribing agency | OClW |
| Modifying agency | DLC |
| Language of cataloging | eng |
| 041 1# - LANGUAGE CODE | |
| Language code of text/sound track or separate title | engrus |
| 082 ## - DEWEY DECIMAL CLASSIFICATION NUMBER | |
| Classification number | 947 |
| Author mark and year | RYE 1965 |
| 100 1# - MAIN ENTRY--PERSONAL NAME | |
| Personal name | Rybakov, B. A. |
| Fuller form of name | (Boris Aleksandrovich), |
| Dates associated with a name | 1908-2001. |
| 9 (RLIN) | 85354 |
| 245 10 - TITLE STATEMENT | |
| Title | Early centuries of Russian history / |
| Statement of responsibility, etc. | B. Rybakov. [Translated from the Russian by John Weir] |
| 260 ## - PUBLICATION, DISTRIBUTION, ETC. (IMPRINT) | |
| Place of publication, distribution, etc. | Moscow : |
| Name of publisher, distributor, etc. | Progress Publishers, |
| Date of publication, distribution, etc. | 1965 |
| 300 ## - PHYSICAL DESCRIPTION | |
| Pagination | 230 p. : |
| Illustrations | ill. ; |
| Size | 20 cm. |
| 651 #0 - SUBJECT ADDED ENTRY--GEOGRAPHIC NAME | |
| Geographic name | Kievan Rus |
| General subdivision | History. |
| 9 (RLIN) | 85355 |
| 942 ## - ADDED ENTRY ELEMENTS (KOHA) | |
| Source of classification or shelving scheme | Dewey Decimal Classification |
| Koha item type | Books |
| Lost status | Source of classification or shelving scheme | Damaged status | Not for loan | Collection code | Permanent Location | Current Location | Shelving location | Date acquired | Source of acquisition | Cost, normal purchase price | Total Checkouts | Full call number | Date last seen | Copy number | Koha item type |
|---|---|---|---|---|---|---|---|---|---|---|---|---|---|---|---|
| Dewey Decimal Classification | Non-fiction | Central Library, University of Rajshahi | Central Library, University of Rajshahi | 26/03/1968 | Sweets & Zeitlinger | 15.00 | 947 RYE 1965 | 27/03/2014 | C-3 | Books | |||||
| Dewey Decimal Classification | Non-fiction | Central Library, University of Rajshahi | Central Library, University of Rajshahi | 26/09/1968 | Sweets & Zeitlinger | 15.00 | 947 RYE 1965 | 27/03/2014 | C-2 | Books | |||||
| Dewey Decimal Classification | Added to bundle | Non-fiction | Central Library, University of Rajshahi | Central Library, University of Rajshahi | Reading Room | 26/09/1968 | Sweets & Zeitlinger | 15.00 | 947 RYE 1965 | 27/03/2014 | C-1 | Books |